00721nam a2200241Ia 4500003000900000005001700009008004100026040001300067040001300080041000800093100002400101100001500125245005200140250000900192260001300201260000900214300001100223300001300234490000600247942001200253999001700265952019700282IT-RoPAU20220918175702.0120407s9999 xx 000 0 und d aIT-RoPAU cIT-RoPAU aita aTommaso Moro935275 csan934138 aLettere dal carcere. Con disegni di Aligi Sassu aRoma aVaticana c1971 a127 p. c15x15 cm v1 cBK2ddc c25035d25035 00102ddc406277_10000000000000071aPAULUSbPAULUSd2012-04-11l0o277.1r2012-04-11 00:00:00w2012-04-11yBKzInserito da: Jole In data: 12 settembre 2011 fondo: Via A.Severo 56 Progr:24371